Radiografía de La Pampa /
Saved in:
| Main Author: | |
|---|---|
| Other Authors: | |
| Format: | Book |
| Language: | Spanish |
| Published: |
Madrid:
ALLCA XX,
1996.
|
| Edition: | 2. edición |
| Series: | Colección archivos;
número 19 |
| Subjects: | |
| Tags: |
Add Tag
No Tags, Be the first to tag this record!
|
MARC
| LEADER | 00000nam a2200000 4500 | ||
|---|---|---|---|
| 001 | bimo0000646944 | ||
| 005 | 20150213073208.0 | ||
| 008 | 970714s1996 sp | ||| ||spa | ||
| 020 | |a 8489666180 | ||
| 040 | |a SpMaBN |b spa |c SpMaBN |d CRU CIICLA | ||
| 082 | |a Ar863.4 |b M385r2 | ||
| 100 | 2 | |a Martínez Estrada, Ezequiel |d 1895-1964 | |
| 245 | 1 | 0 | |a Radiografía de La Pampa / |c Ezequiel Martínez Estrada ; edición crítica, Leo Pollmann, coordinador |
| 250 | |a 2. edición | ||
| 260 | 1 | |a Madrid: |b ALLCA XX, |c 1996. | |
| 300 | |a xxiv, 586 páginas: |b 1 retrato | ||
| 490 | 1 | |a Colección archivos; |v número 19 | |
| 500 | |a Índice | ||
| 504 | |a Bibliografía: páginas 575-586 | ||
| 650 | 1 | 4 | |a LITERATURA ARGENTINA |v ENSAYOS |
| 651 | 7 | |a ARGENTINA |x SITUACION SOCIAL |2 embne | |
| 700 | 1 | |a Pollmann, Leo | |
| 942 | |2 ddc |c BK | ||
| 956 | |a 2 | ||
| 999 | |c 3889 |d 3889 | ||



